000 00761cab a2200229 4500
001 ABS49241
008 090401t1993 xxu||||| |||| 00| 0 eng d
035 _a(Sirsi) u70480
041 _aeng
245 _aLewis urges comment in loan security valuation draft
260 _c1993
350 _a0
490 _aCS Monthly : General Practice
_v3(1) September 1993, 1-2(2)
520 _aReviews the new draft guidance and model conditions of engagement on the valuation and appraisal of commercial land and property for secured loans.
650 _aESTIMATED REALISATION PRICE
650 _aGUIDANCE NOTES
650 _aMODEL CONDITIONS OF ENGAGEMENT
650 _aSECURED LOANS
690 _aRATING AND VALUATION
942 _n0
948 _c04/03/1997
999 _c44330
_d44330